[Event "Coupe Totier 2015"]
[Site "?"]
[Date "2015.06.07"]
[Round "1.1"]
[White "Beraud, Robert"]
[Black "Nari, Damien"]
[Result "1/2-1/2"]
[WhiteElo "1658"]
[BlackElo "1967"]
[PlyCount "70"]
[WhiteTeam "Meyreuil 2"]
[BlackTeam "Istres-Fos"]

1. e4 c6 2. d4 d5 3. exd5 cxd5 4. Bd3 Nc6 5. c3 Nf6 6. Bf4 Bg4 7. Qb3 Qc8 8.
Nd2 e6 9. Ngf3 Be7 10. O-O O-O 11. Rfe1 Rd8 12. Ne5 Bh5 13. Qc2 Bd6 14. Nxc6
Qxc6 15. Be5 Bg6 16. Nf3 Nd7 17. Bxg6 hxg6 18. Re3 Nxe5 19. Nxe5 Bxe5 20. Rxe5
b5 21. a3 a5 22. Rc1 Rdc8 23. h3 Rc7 24. Qe2 Qc4 25. Qxc4 Rxc4 26. Kf1 b4 27.
axb4 axb4 28. Ke1 Ra2 29. Re2 bxc3 30. bxc3 Ra3 31. Rec2 Kf8 32. Kd2 g5 33. Rb1
Ke7 34. Rb7+ Kf6 35. f3 Ra1 1/2-1/2

[Event "Coupe Totier 2015"]
[Site "?"]
[Date "2015.06.07"]
[Round "1.2"]
[White "Kizil, Ylmaz"]
[Black "Schiano-Lomorello, Didier"]
[Result "1-0"]
[WhiteElo "1706"]
[BlackElo "1589"]
[PlyCount "51"]
[WhiteTeam "Istres-Fos"]
[BlackTeam "Meyreuil 2"]

1. e4 c5 2. Nc3 d6 3. Bc4 Nc6 4. f4 g6 5. Nf3 Bg7 6. O-O e6 7. d3 Nge7 8. f5
O-O 9. a4 d5 10. Bb3 Bxc3 11. bxc3 dxe4 12. Ng5 Nxf5 13. Qe1 exd3 14. g4 Nfd4
15. Qh4 h5 16. gxh5 Nf5 17. Rxf5 exf5 18. hxg6 Kg7 19. Ne6+ Bxe6 20. Qh6+ Kf6
21. Bg5+ Ke5 22. Bxd8 Raxd8 23. Re1+ Kd6 24. Bxe6 fxe6 25. cxd3 Ne5 26. Qf4 1-0

[Event "Coupe Totier 2015"]
[Site "?"]
[Date "2015.06.07"]
[Round "1.3"]
[White "Graells, Christain"]
[Black "Jullien, Patrick"]
[Result "1-0"]
[WhiteElo "1471"]
[BlackElo "1564"]
[PlyCount "143"]
[WhiteTeam "Meyreuil 2"]
[BlackTeam "Istres-Fos"]

1. e4 e5 2. Nf3 Nc6 3. Bb5 a6 4. Ba4 Nf6 5. d3 b5 6. Bb3 Bc5 7. O-O h6 8. Nbd2
d6 9. a3 O-O 10. Ba2 Re8 11. b4 Bb6 12. c3 Be6 13. Nb3 d5 14. Qc2 Qe7 15. Be3
dxe4 16. dxe4 Bxe3 17. fxe3 Rad8 18. Rad1 Ng4 19. Rfe1 Rxd1 20. Qxd1 Rd8 21.
Qc2 Qd6 22. h3 Nf6 23. Bb1 Bxb3 24. Qxb3 Nb8 25. Rf1 c5 26. c4 Nc6 27. Nh4 cxb4
28. Nf5 Qd2 29. cxb5 axb5 30. Ba2 Rd7 31. Kh2 Kh7 32. Ng3 Qd3 33. axb4 Qxb3 34.
Bxb3 Nxb4 35. Rc1 Nd3 36. Rc6 Rb7 37. Bd5 Nxd5 38. exd5 b4 39. d6 b3 40. Rc7
Nc5 41. Rxc5 b2 42. d7 Rxd7 43. Rb5 Rd2 44. Ne4 Rc2 45. Nd6 f6 46. Nc4 Kg6 47.
Rxb2 Rxb2 48. Nxb2 Kf5 49. Kg3 Ke4 50. Kf2 f5 51. g3 g5 52. Nc4 f4 53. Nd6+ Kd5
54. Nf5 h5 55. gxf4 gxf4 56. exf4 Ke4 57. Ng3+ Kxf4 58. Nxh5+ Kg5 59. Ng3 Kh4
60. Kg2 Kg5 61. Kh2 Kh4 62. Ne4 Kh5 63. Kg3 Kh6 64. Kg4 Kg6 65. h4 Kh6 66. h5
Kg7 67. Kg5 Kh7 68. h6 Kg8 69. Kg6 Kh8 70. Nf6 e4 71. Nxe4 Kg8 72. Ng5 1-0

[Event "Coupe Totier 2015"]
[Site "?"]
[Date "2015.06.07"]
[Round "1.4"]
[White "Nari, Alain"]
[Black "Lupinacci, Patrick"]
[Result "1-0"]
[WhiteElo "1616"]
[BlackElo "1448"]
[PlyCount "99"]
[WhiteTeam "Istres-Fos"]
[BlackTeam "Meyreuil 2"]

1. e4 c5 2. Nc3 e6 3. g3 d5 4. Bg2 d4 5. Nce2 Nc6 6. f4 f6 7. Nf3 Bd6 8. O-O
Nge7 9. d3 O-O 10. Bd2 Bd7 11. Rb1 a5 12. c3 b5 13. cxd4 cxd4 14. Nfxd4 Rb8 15.
Rc1 Nb4 16. Bxb4 Bxb4 17. Qb3 Qb6 18. Kh1 Kh8 19. Qd1 Bc5 20. Nf3 Rfd8 21. d4
Bd6 22. Rc2 Nc6 23. e5 Be7 24. exf6 Bxf6 25. Ne5 Bxe5 26. dxe5 Be8 27. Qb1 Bg6
28. Rxc6 Qxc6 29. Bxc6 Bxb1 30. Rxb1 b4 31. Ba4 Rd2 32. Ng1 g6 33. Bb3 Re8 34.
Nf3 Rd3 35. Ng5 h6 36. Nxe6 Rxb3 37. axb3 Rxe6 38. Kg2 g5 39. Ra1 Ra6 40. f5
Kg7 41. Kf3 h5 42. h3 Kf7 43. g4 h4 44. Rc1 a4 45. bxa4 Rxa4 46. Rc4 Ke7 47.
Ke4 Kd7 48. Kd4 Kd8 49. e6 Ke7 50. Kc5 1-0

[Event "Coupe Totier 2015"]
[Site "?"]
[Date "2015.06.07"]
[Round "1.1"]
[White "Chauvet, Vincent"]
[Black "Chauvet, Jean-Marc"]
[Result "1/2-1/2"]
[WhiteElo "2144"]
[BlackElo "1941"]
[PlyCount "42"]
[WhiteTeam "Marseille Echecs"]
[BlackTeam "Meyreuil 1"]

1. d4 Nf6 2. c4 c6 3. Nc3 d5 4. Nf3 g6 5. Bf4 Bg7 6. e3 O-O 7. Be2 Re8 8. Qb3
e6 9. h4 Nbd7 10. Ne5 Nxe5 11. Bxe5 h5 12. Qc2 Ng4 13. Bxg4 hxg4 14. Qe2 f6 15.
Bg3 e5 16. dxe5 fxe5 17. cxd5 cxd5 18. O-O Be6 19. Rad1 Qa5 20. Qb5 Qxb5 21.
Nxb5 Rec8 1/2-1/2

[Event "Coupe Totier 2015"]
[Site "?"]
[Date "2015.06.07"]
[Round "1.2"]
[White "Burmonas, Romain"]
[Black "Figier, Anthony"]
[Result "1/2-1/2"]
[WhiteElo "1939"]
[BlackElo "1933"]
[PlyCount "47"]
[WhiteTeam "Meyreuil 1"]
[BlackTeam "Marseille Echecs"]

1. e4 Nf6 2. Nc3 d5 3. e5 Ne4 4. d4 Nxc3 5. bxc3 c5 6. Nf3 Nc6 7. Be2 Bg4 8.
O-O e6 9. Rb1 Rb8 10. h3 Bxf3 11. Bxf3 Be7 12. Be3 b5 13. Qe2 Qa5 14. dxc5 O-O
15. Bd4 Qa4 16. Qd2 Rfc8 17. Be2 b4 18. cxb4 Rxb4 19. Rxb4 Nxb4 20. c3 Na6 21.
Bxa6 Qxa6 22. Qb2 h6 23. Rb1 Bxc5 24. Qb7 1/2-1/2

[Event "Coupe Totier 2015"]
[Site "?"]
[Date "2015.06.07"]
[Round "1.3"]
[White "Pelopidas, Floria"]
[Black "Montanelli, Tristan"]
[Result "1-0"]
[WhiteElo "1421"]
[BlackElo "1709"]
[PlyCount "45"]
[WhiteTeam "Marseille Echecs"]
[BlackTeam "Meyreuil 1"]

1. d4 d5 2. c4 e6 3. Nc3 c5 4. dxc5 d4 5. Ne4 Bxc5 6. Nf3 Qb6 7. Nxc5 Qxc5 8.
Qxd4 Qxd4 9. Nxd4 Bd7 10. Nb5 Bxb5 11. cxb5 Nd7 12. g3 Rb8 13. Bg2 Ngf6 14. Be3
b6 15. Bc6 O-O 16. Rd1 Ne5 17. Bg2 Nc4 18. Bd4 e5 19. Bc3 Rbd8 20. O-O e4 21.
b3 Nd6 22. Bb4 Nfe8 23. Bxe4 1-0

[Event "Coupe Totier 2015"]
[Site "?"]
[Date "2015.06.07"]
[Round "1.4"]
[White "Lemarchand, Fabien"]
[Black "Delaplace, Mathias"]
[Result "1-0"]
[WhiteElo "1399"]
[BlackElo "1009"]
[PlyCount "37"]
[WhiteTeam "Meyreuil 1"]
[BlackTeam "Marseille Echecs"]

1. e4 e5 2. Nf3 Nc6 3. Bc4 Nf6 4. Ng5 h6 5. Nxf7 Qe7 6. Nxh8 d6 7. O-O Bg4 8.
f3 Bh5 9. g4 Bf7 10. Nxf7 Nb4 11. c3 Nc6 12. d4 b5 13. Bb3 g5 14. dxe5 dxe5 15.
Nh8 Rd8 16. Qe2 a6 17. Be3 Bg7 18. Bf7+ Kf8 19. Ng6+ 1-0

[Event "Coupe Totier 2015"]
[Site "?"]
[Date "2015.06.07"]
[Round "1.1"]
[White "Fayette, Sylvain"]
[Black "Person, Claude"]
[Result "1-0"]
[WhiteElo "2003"]
[BlackElo "1222"]
[PlyCount "31"]
[WhiteTeam "Aubagne"]
[BlackTeam "Martigues 2"]

1. e4 e5 2. Nc3 Nf6 3. f4 exf4 4. e5 Ng8 5. Nf3 h6 6. Bc4 Ne7 7. d4 c6 8. Bxf4
Ng6 9. Qd2 Be7 10. Ne4 Nxf4 11. Qxf4 O-O 12. O-O b5 13. Bd3 Na6 14. Qf5 d5 15.
Nf6+ Bxf6 16. Qh7# 1-0

[Event "Coupe Totier 2015"]
[Site "?"]
[Date "2015.06.07"]
[Round "1.2"]
[White "Champin, Hugo"]
[Black "Rezki, Bernard"]
[Result "0-1"]
[WhiteElo "1199"]
[BlackElo "1943"]
[PlyCount "78"]
[WhiteTeam "Martigues 2"]
[BlackTeam "Aubagne"]

1. d4 d5 2. c4 e6 3. a3 dxc4 4. Nc3 Nf6 5. e3 c5 6. Nf3 Nc6 7. Bxc4 cxd4 8.
exd4 Be7 9. Bf4 a6 10. O-O O-O 11. Re1 b5 12. Bb3 Bb7 13. d5 exd5 14. Nxd5 Nxd5
15. Bxd5 Bf6 16. Ne5 Nxe5 17. Bxb7 Qxd1 18. Raxd1 Ra7 19. Bxa6 Ng6 20. Bd6 Rxa6
21. Bxf8 Nxf8 22. Re2 Ne6 23. f4 g6 24. f5 Nd4 25. Re8+ Kg7 26. fxg6 hxg6 27.
Rd3 Rc6 28. Rh3 Rc1+ 29. Kf2 Rc2+ 30. Kg1 Rxb2 31. Reh8 Bg5 32. R8h7+ Kf6 33.
Rd3 Ne2+ 34. Kf1 Nf4 35. h4 Nxd3 36. hxg5+ Kxg5 37. Rxf7 Kg4 38. Rf6 Nf4 39.
Rb6 Kg3 0-1

[Event "Coupe Totier 2015"]
[Site "?"]
[Date "2015.06.07"]
[Round "1.3"]
[White "Salvi, Michel"]
[Black "Delvincourt, Pierre"]
[Result "1-0"]
[WhiteElo "1775"]
[BlackElo "1199"]
[PlyCount "73"]
[WhiteTeam "Aubagne"]
[BlackTeam "Martigues 2"]

1. e4 e5 2. Nf3 Nf6 3. Bd3 d6 4. c3 Bg4 5. O-O Qd7 6. Bc2 Nc6 7. d3 d5 8. h3
Bh5 9. exd5 Nxd5 10. Nbd2 O-O-O 11. Ba4 Qd6 12. Bxc6 Qxc6 13. Nxe5 Qh6 14. Ndf3
g5 15. Qa4 g4 16. Bxh6 Bxh6 17. hxg4 Bg6 18. g5 Bg7 19. c4 Nf4 20. Qxa7 Bxe5
21. Nxe5 c6 22. b4 Kc7 23. Qa5+ Kc8 24. b5 Rxd3 25. Nxd3 Nxd3 26. bxc6 bxc6 27.
Qa8+ Kc7 28. Qxh8 Nf4 29. Qe5+ Kb6 30. Qxf4 Bd3 31. c5+ Kxc5 32. Rac1+ Kb5 33.
Qb8+ Ka5 34. Rc5+ Bb5 35. a3 Ka4 36. Rb1 Bd3 37. Qa7+ 1-0

[Event "Coupe Totier 2015"]
[Site "?"]
[Date "2015.06.07"]
[Round "1.4"]
[White "Nerino-Escoubet, Gabriel"]
[Black "Salvi, Angele"]
[Result "1/2-1/2"]
[WhiteElo "1240"]
[BlackElo "1048"]
[PlyCount "128"]
[WhiteTeam "Martigues 2"]
[BlackTeam "Aubagne"]

1. e4 c5 2. Nc3 Nc6 3. Bc4 e6 4. d3 Nf6 5. Nf3 Be7 6. Bg5 d6 7. Bb5 Bd7 8. O-O
a6 9. Bxc6 Bxc6 10. e5 Nd5 11. Bxe7 Nxe7 12. exd6 Qxd6 13. Qe2 O-O 14. Qe5 Rad8
15. Qxd6 Rxd6 16. Ne5 Be8 17. Rfe1 f6 18. Ng4 Nf5 19. Ne4 Rc6 20. c4 Nd4 21.
Rac1 Bh5 22. f3 b6 23. b3 Bxg4 24. fxg4 h6 25. h4 f5 26. gxf5 Nxf5 27. g3 Nd4
28. Kg2 b5 29. Rf1 Rxf1 30. Rxf1 Nf5 31. Kh3 Kh7 32. Rf3 Nd4 33. Rf7 e5 34. Re7
Nf3 35. Kg2 Ne1+ 36. Kf2 Nxd3+ 37. Ke3 Nb4 38. Rxe5 Nxa2 39. Rxc5 Nb4 40. Rxc6
Nxc6 41. cxb5 axb5 42. Nd6 b4 43. Nb7 Ne7 44. Kd4 Nf5+ 45. Kc4 Nxg3 46. Kxb4
Ne2 47. Kc4 g5 48. hxg5 hxg5 49. Nd6 g4 50. Ne4 Kg6 51. b4 Kf5 52. Kd3 Nc1+ 53.
Ke3 Nb3 54. b5 Na5 55. b6 Nc4+ 56. Kd4 Nxb6 57. Kd3 Nd5 58. Kd4 Nf4 59. Ng3+
Kg5 60. Ne4+ Kh4 61. Ke3 Ng2+ 62. Kd4 Kh3 63. Nf2+ Kg3 64. Nxg4 Kxg4 1/2-1/2

[Event "Coupe Totier 2015"]
[Site "?"]
[Date "2015.06.07"]
[Round "1.1"]
[White "Faure, Alexandre"]
[Black "Asatryan, Samvel"]
[Result "1-0"]
[WhiteElo "1994"]
[BlackElo "1753"]
[PlyCount "97"]
[WhiteTeam "Salon"]
[BlackTeam "Martigues 1"]

1. e4 e6 2. d4 c6 3. f4 b6 4. Nf3 Nf6 5. Bd3 d6 6. O-O Nbd7 7. e5 Nd5 8. c3
dxe5 9. fxe5 g6 10. Ng5 f6 11. Nxe6 Qe7 12. Nxf8 Nxf8 13. exf6 Nxf6 14. Bg5 Bg4
15. Qd2 N8d7 16. Re1 Be6 17. Bc4 Nf8 18. Qf4 Kf7 19. Bxf6 Qxf6 20. Qc7+ Qe7 21.
Rf1+ Ke8 22. Qxc6+ Qd7 23. Qxa8+ Ke7 24. Qe4 Kd8 25. Bxe6 Nxe6 26. Qa8+ Qc8 27.
Qxc8+ Kxc8 28. Nd2 g5 29. Rae1 Nf4 30. g3 Nd3 31. Re7 h5 32. Rff7 h4 33. Rxa7
Kb8 34. Ne4 Rd8 35. Rfb7+ Kc8 36. Rxb6 Rd7 37. Nd6+ Kd8 38. Nf7+ Ke8 39. Rxd7
Kxd7 40. Ne5+ Nxe5 41. dxe5 hxg3 42. a4 g4 43. a5 gxh2+ 44. Kxh2 g3+ 45. Kxg3
Kc7 46. e6 Kd8 47. a6 Kc7 48. Rb7+ Kc8 49. Rh7 1-0

[Event "Coupe Totier 2015"]
[Site "?"]
[Date "2015.06.07"]
[Round "1.2"]
[White "Zazzi, Clement"]
[Black "Busson, Benoist"]
[Result "1-0"]
[WhiteElo "1842"]
[BlackElo "1932"]
[PlyCount "69"]
[WhiteTeam "Martigues 1"]
[BlackTeam "Salon"]

1. e4 e5 2. Nf3 Nc6 3. d4 exd4 4. Bc4 Nf6 5. Bg5 h6 6. Bxf6 Qxf6 7. O-O Bc5 8.
e5 Qe7 9. c3 dxc3 10. Nxc3 O-O 11. Nd5 Qd8 12. Qd2 d6 13. b4 Bb6 14. Nf6+ Kh8
15. Ne4 Nxe5 16. Nxe5 dxe5 17. Qxd8 Rxd8 18. Bxf7 Bf5 19. Ng3 Bd3 20. Rfd1 e4
21. Bg6 Rf8 22. Rd2 Rad8 23. Nxe4 Bxe4 24. Rxd8 Rxd8 25. Bxe4 Rd2 26. Bxb7 Rxf2
27. Kh1 Bd4 28. Re1 Rxa2 29. Re8+ Kh7 30. Be4+ g6 31. Re7+ Bg7 32. h4 Rb2 33.
h5 Rxb4 34. hxg6+ Kg8 35. Bd5+ 1-0

[Event "Coupe Totier 2015"]
[Site "?"]
[Date "2015.06.07"]
[Round "1.3"]
[White "Sanchez, Fred"]
[Black "Deveza, Thomas"]
[Result "1-0"]
[WhiteElo "1759"]
[BlackElo "1573"]
[PlyCount "49"]
[WhiteTeam "Salon"]
[BlackTeam "Martigues 1"]

1. d4 Nf6 2. c4 c6 3. Nf3 d5 4. g3 e6 5. Bg2 Nbd7 6. O-O Bd6 7. b3 O-O 8. Bb2
Ne4 9. Nc3 f5 10. Qc2 Qe8 11. Nd2 Ndf6 12. f3 Nxd2 13. Qxd2 Qh5 14. e4 fxe4 (
14... dxe4 15. fxe4 Ng4 16. Bf3 e5 $11) 15. fxe4 e5 (15... dxe4 16. Nxe4 Nxe4
17. Bxe4 Bd7 $14) 16. dxe5 $2 (16. c5 $16) 16... Bc5+ 17. Kh1 Ng4 18. Rxf8+
Kxf8 19. Rf1+ Kg8 20. Bf3 d4 21. Na4 Bb4 22. Bxg4 Bxg4 23. Qxb4 Bf3+ $4 (23...
Bh3 24. Qe1 (24. Re1 Qf3+ $19) 24... Bxf1 25. Qxf1 Rf8 26. Qe1 Qxe5 $14) 24.
Kg1 Qh3 25. Rxf3 1-0

[Event "Coupe Totier 2015"]
[Site "?"]
[Date "2015.06.07"]
[Round "1.4"]
[White "Santiago, Antoine-Louis"]
[Black "Brenon, Stephane"]
[Result "1/2-1/2"]
[WhiteElo "1310"]
[BlackElo "1195"]
[PlyCount "110"]
[WhiteTeam "Martigues 1"]
[BlackTeam "Salon"]

1. e4 c5 2. Nf3 Nc6 3. Bc4 g6 4. Nc3 Bg7 5. d3 d6 6. O-O Nf6 7. Bg5 O-O 8. Re1
Nd4 9. Bxf6 Bxf6 10. Rb1 a6 11. Nd5 Bg7 12. Nxd4 cxd4 13. Nf4 e5 14. Nd5 b5 15.
Bb3 Kh8 16. a3 f5 17. Qe2 Ra7 18. Rbc1 a5 19. c3 Be6 20. cxd4 Raf7 21. dxe5
Bxe5 22. Rc2 a4 23. Ba2 Qh4 24. f4 Bd4+ 25. Kh1 fxe4 26. Qxe4 Bf2 27. Ree2 Bg3
28. h3 Bxd5 29. Qd4+ Qf6 30. Qxf6+ Rxf6 31. Bxd5 Rxf4 32. Bf3 Rxf3 33. gxf3 Kg7
34. Rc7+ Kh6 35. Kg2 Bh4 36. Re4 Bg5 37. Rd7 Bc1 38. Rxd6 Bxb2 39. Rb4 Bxa3 40.
Rh4+ Kg7 41. Rd7+ Kg8 42. Rhxh7 Bb2 43. Rh6 a3 44. Rxg6+ Kh8 45. Rd5 Kh7 46.
Rg4 Kh6 47. Rd6+ Rf6 48. Rh4+ Kg5 49. Rg4+ Kf5 50. Rd5+ Ke6 51. Rxb5 a2 52.
Re4+ Kf7 53. Rb7+ Kg6 54. Rg4+ Kf5 55. Rb5+ Ke6 1/2-1/2

[Event "Coupe Totier 2015"]
[Site "?"]
[Date "2015.06.07"]
[Round "2.1"]
[White "Chauvet, Jean-Marc"]
[Black "Fayette, Sylvain"]
[Result "1/2-1/2"]
[WhiteElo "1941"]
[BlackElo "2003"]
[PlyCount "124"]
[WhiteTeam "Meyreuil 1"]
[BlackTeam "Aubagne"]

1. e4 c5 2. Nf3 e6 3. c3 Nf6 4. Bd3 d5 5. e5 Nfd7 6. O-O Nc6 7. Re1 g6 8. Bf1
c4 9. b3 Qc7 10. bxc4 dxc4 11. Bxc4 Ndxe5 12. Nxe5 Nxe5 13. Bf1 Bd6 14. d4 Nc6
15. g3 O-O 16. Nd2 {(=)} e5 17. Ne4 exd4 18. cxd4 Bf5 19. Nxd6 Qxd6 20. Be3
Rad8 21. Bh6 Rfe8 22. Rxe8+ Rxe8 23. d5 Ne5 24. Bg2 Ng4 25. Bf4 Qc5 26. Qd2 Qb5
27. Re1 b6 28. d6 Nf6 29. h3 Qd7 30. Be5 Qe6 31. Bc6 Ne4 32. d7 Nxd2 33.
dxe8=R+ Qxe8 34. Bxe8 Nf3+ 35. Kh1 Nxe1 36. Bb8 a6 37. a4 Be4+ 38. Kg1 Kf8 39.
Bd7 Ke7 40. Bc8 Bd3 41. Bc7 Nf3+ 42. Kg2 Ng5 43. Bxb6 {(=)} Kd6 44. f3 Kc6 45.
Be3 f6 46. Bd4 f5 47. h4 Nf7 48. Be6 Nd8 49. Bg8 h6 50. Kf2 Bc2 51. Bf6 Nb7 52.
Bf7 g5 53. hxg5 hxg5 54. Bxg5 Nd6 55. Bg6 Bxa4 56. Bf4 Bc2 57. g4 a5 58. Ke2 a4
59. Bxd6 Kxd6 60. Kd2 fxg4 61. Bxc2 a3 62. Bb3 gxf3 1/2-1/2

[Event "Coupe Totier 2015"]
[Site "?"]
[Date "2015.06.07"]
[Round "2.2"]
[White "Rezki, Bernard"]
[Black "Burmonas, Romain"]
[Result "0-1"]
[WhiteElo "1943"]
[BlackElo "1939"]
[PlyCount "82"]
[WhiteTeam "Aubagne"]
[BlackTeam "Meyreuil 1"]

1. d4 d5 2. c4 e6 3. Nc3 c6 4. Nf3 dxc4 5. e4 b5 6. a4 Bb4 7. Be2 Bb7 8. Qc2
Nd7 9. O-O Bxc3 10. Qxc3 Ngf6 11. Qe3 O-O 12. e5 Nd5 13. Qe4 a6 14. Bg5 Qc7 15.
Qg4 Kh8 16. Qh3 c5 17. Be3 cxd4 18. Nxd4 Nxe3 19. Qxe3 Qxe5 20. Qxe5 Nxe5 21.
axb5 axb5 22. Nxb5 Rfd8 23. f4 Nd3 24. Nc3 g6 25. g3 Nxb2 26. Rab1 Rd2 27. Rfe1
Bd5 28. h4 Ra3 29. Nxd5 exd5 30. g4 Re3 31. Kf2 Re8 32. Kf3 d4 33. Bf1 Rxe1 34.
Rxe1 c3 35. Re8+ Kg7 36. Rc8 c2 37. Bb5 d3 38. Bxd3 Rxd3+ 39. Ke2 Rh3 40. Kd2
Rh2+ 41. Kc1 Nd3# 0-1

[Event "Coupe Totier 2015"]
[Site "?"]
[Date "2015.06.07"]
[Round "2.3"]
[White "Montanelli, Tristan"]
[Black "Salvi, Michel"]
[Result "0-1"]
[WhiteElo "1709"]
[BlackElo "1775"]
[PlyCount "109"]
[WhiteTeam "Meyreuil 1"]
[BlackTeam "Aubagne"]

1. f4 Nf6 2. Nf3 d5 3. b3 Bg4 4. e3 c6 5. Bb2 Nbd7 6. h3 Bxf3 7. Qxf3 Qc7 8. c4
e5 9. cxd5 Nxd5 10. Nc3 Nxc3 11. Bxc3 O-O-O 12. Be2 Bd6 13. O-O exf4 14. exf4
f6 15. Bd4 Kb8 16. Rac1 Nb6 17. Qf2 Rhe8 18. Be3 Bb4 19. Rc2 Ba3 20. g4 Nc8 21.
Qg2 Nd6 22. Bf3 f5 23. Rb1 Bb4 24. a3 Ba5 25. Qf2 Bb6 26. Bxb6 axb6 27. Qg2 g6
28. Rbc1 Ne4 29. d3 Rxd3 30. Qe2 Rxb3 31. gxf5 gxf5 32. Bxe4 Rxe4 33. Qg2 Qxf4
34. Rf1 Qe3+ 35. Rff2 f4 36. Rce2 Rb1+ 37. Kh2 Qg3+ 38. Qxg3 fxg3+ 39. Kxg3
Rxe2 40. Rxe2 Rb3+ 41. Kg4 Rxa3 42. Re8+ Ka7 43. Rh8 Ra5 44. Rxh7 b5 45. h4 b4
46. Rf7 b3 47. Rf2 Rb5 48. Rb2 c5 49. h5 c4 50. h6 Rd5 51. h7 Rd8 52. Kg5 Ka6
53. Kg6 Kb5 54. Rb1 Kb4 55. Kg7 0-1

[Event "Coupe Totier 2015"]
[Site "?"]
[Date "2015.06.07"]
[Round "2.4"]
[White "Salvi, Angèle"]
[Black "Lemarchand, Fabien"]
[Result "0-1"]
[WhiteElo "1048"]
[BlackElo "1399"]
[PlyCount "110"]
[WhiteTeam "Aubagne"]
[BlackTeam "Meyreuil 1"]

1. e4 e5 2. Nf3 Nc6 3. d4 exd4 4. Nxd4 Nf6 5. Nc3 d6 6. f3 Be7 7. Be3 O-O 8.
Qd2 Be6 9. Nxe6 fxe6 10. O-O-O Ne8 11. Bc4 Qd7 12. Bg5 a6 13. h4 b5 14. Bxe6+
Qxe6 15. Qd5 Bxg5+ 16. hxg5 Qxd5 17. Nxd5 g6 18. f4 Rf7 19. Rh4 Ne7 20. Ne3 Ng7
21. Rdh1 Nh5 22. Ng4 Rxf4 23. Nh6+ Kg7 24. g3 Rxh4 25. gxh4 Rf8 26. Kd2 Ng3 27.
Re1 Rf4 28. Kd3 c5 29. e5 d5 30. Ke3 Rxh4 31. Kf3 Ngf5 32. Nxf5+ Nxf5 33. e6
Nd4+ 34. Kg3 Re4 35. Rf1 Rxe6 36. Rf2 Nf5+ 37. Kf4 Re4+ 38. Kf3 Nd4+ 39. Kg3
Re5 40. Kf4 Rf5+ 41. Ke3 Rxg5 42. Kd3 Rg3+ 43. Kd2 h5 44. c3 Nf5 45. Re2 h4 46.
Rh2 h3 47. Rh1 Rg2+ 48. Ke1 h2 49. Kf1 Ne3+ 50. Ke1 Rg1+ 51. Rxg1 hxg1=Q+ 52.
Kd2 Qf2+ 53. Kd3 Kf6 54. c4 d4 55. cxb5 Qc2# 0-1

[Event "Coupe Totier 2015"]
[Site "?"]
[Date "2015.06.07"]
[Round "2.1"]
[White "Person, Claude"]
[Black "Beraud, Robert"]
[Result "0-1"]
[WhiteElo "1222"]
[BlackElo "1658"]
[PlyCount "104"]
[WhiteTeam "Martigues 2"]
[BlackTeam "Meyreuil 2"]

1. e4 e5 2. Nf3 Nc6 3. Bb5 a6 4. Ba4 Nf6 5. O-O b5 6. Bb3 Bb7 7. c3 Nxe4 8. Re1
Nc5 9. d3 Nxb3 10. Qxb3 Bd6 11. Ng5 O-O 12. Ne4 Be7 13. Nbd2 d5 14. Ng3 Re8 15.
Nf3 Na5 16. Qc2 Bd6 17. Nf5 Qd7 18. Nxd6 cxd6 19. b4 Nc6 20. a3 Rac8 21. a4
Nxb4 22. Qd2 e4 23. dxe4 dxe4 24. Nd4 Nd3 25. Re3 bxa4 26. Rg3 Ne5 $4 27. Qf4 (
27. Rxg7+ $1 Kxg7 28. Qg5+ Kh8 29. Qf6+ Kg8 30. Nf5 Qxf5 31. Qxf5 Re6 $11)
27... Ng6 28. Qe3 d5 29. Bd2 Rc4 30. h3 Bc6 31. Ra3 Bb5 32. Kh2 Rc7 33. Kg1 Bc4
34. Nc2 Qd6 35. Ra1 Bb3 36. Nd4 Rb8 37. Nf5 Qf8 38. Nd4 a3 39. Qg5 a2 40. Qe3
Bc4 41. Qe1 Rcb7 42. Rd1 Rb1 43. Nc2 Rxd1 44. Qxd1 Rb1 45. Bc1 Bb3 46. Qd2 Bxc2
47. Qxc2 a1=Q 48. Kh2 Rxc1 49. Qxc1 Qxc1 50. Re3 Qd6+ 51. g3 Qf1 52. Re2 Nf4
0-1

[Event "Coupe Totier 2015"]
[Site "?"]
[Date "2015.06.07"]
[Round "2.2"]
[White "Schiano-Lomoriello, Didier"]
[Black "Champin, Hugo"]
[Result "1-0"]
[WhiteElo "1589"]
[BlackElo "1199"]
[PlyCount "53"]
[WhiteTeam "Meyreuil 2"]
[BlackTeam "Martigues 2"]

1. e4 c6 2. d4 d5 3. Nc3 dxe4 4. Nxe4 Bf5 5. Ng3 Bg6 6. h4 h5 7. Nf3 e6 8. Ne5
Bh7 9. Qf3 Qc7 10. c3 c5 11. Bb5+ Nc6 12. Nxc6 a6 13. Ba4 b5 14. Bd1 f6 15. Ne5
Rd8 16. Qxh5+ Ke7 17. Qf7+ Kd6 18. Qxc7+ Kxc7 19. Nf7 Rd7 20. Nxh8 cxd4 21.
cxd4 Bb4+ 22. Bd2 Bxd2+ 23. Kxd2 Rxd4+ 24. Ke3 Rd3+ 25. Ke2 Nh6 26. Rc1+ Kb6
27. Bc2 1-0

[Event "Coupe Totier 2015"]
[Site "?"]
[Date "2015.06.07"]
[Round "2.3"]
[White "Delvincourt, Pierre"]
[Black "Graells, Christian"]
[Result "0-1"]
[WhiteElo "1199"]
[BlackElo "1471"]
[PlyCount "120"]
[WhiteTeam "Martigues 2"]
[BlackTeam "Meyreuil 2"]

1. e4 e5 2. Nc3 Nf6 3. d3 Nc6 4. Nf3 Bc5 5. Be3 d6 6. Qd2 O-O 7. O-O-O Bxe3 8.
fxe3 h6 9. Nd5 Be6 10. Nxf6+ Qxf6 11. Qf2 Nb4 12. a3 Nc6 13. Qh4 Qg6 14. d4
exd4 15. exd4 d5 16. Qg3 Rac8 17. Qxg6 fxg6 18. Bd3 Rf4 19. exd5 Bxd5 20. Rhf1
Rcf8 21. Bxg6 Nxd4 22. Bh5 c5 23. Rd3 c4 24. Re3 Be4 25. c3 Nb3+ 26. Kd1 Rd8+
27. Ke1 Nc1 28. g3 Bxf3 29. Bxf3 Rf7 30. Kf2 Nd3+ 31. Kg1 Nxb2 32. Bh5 Rxf1+
33. Kxf1 Rf8+ 34. Kg1 Nd3 35. Bf3 b5 36. Bd1 Rd8 37. Re7 a5 38. Ra7 Nc5 39. Be2
Ne4 40. a4 Nxc3 41. axb5 Nxe2+ 42. Kg2 Rb8 43. Rxa5 c3 44. Ra2 Rxb5 45. Rxe2
Rb2 46. Kf3 c2 47. Rxc2 Rxc2 48. h4 Kf7 49. Kf4 Kf6 50. g4 g5+ 51. hxg5+ hxg5+
52. Kg3 Ke5 53. Kh3 Rc3+ 54. Kg2 Kf4 55. Kf2 Kxg4 56. Kg2 Kf4 57. Kf2 g4 58.
Kg2 g3 59. Kg1 Kf3 60. Kf1 Rc1# 0-1

[Event "Coupe Totier 2015"]
[Site "?"]
[Date "2015.06.07"]
[Round "2.4"]
[White "Lupinacci, Patrick"]
[Black "Nerino-Escoubet, Gabriel"]
[Result "1-0"]
[WhiteElo "1448"]
[BlackElo "1240"]
[PlyCount "85"]
[WhiteTeam "Meyreuil 2"]
[BlackTeam "Martigues 2"]

1. Nf3 d5 2. d4 Nc6 3. e3 Nf6 4. c4 e6 5. Nc3 Bb4 6. Be2 O-O 7. O-O Bxc3 8.
bxc3 Ne4 9. Qc2 b6 10. Nd2 Nxd2 11. Bxd2 Ba6 12. Bd3 Na5 13. cxd5 Bxd3 14. Qxd3
Qxd5 15. e4 Qc4 16. Qg3 Rfd8 17. Bh6 g6 18. Qe5 f6 19. Qxf6 Rd7 20. Qe5 Nc6 21.
Qg3 Rf7 22. h4 Qb5 23. e5 Qe2 24. Rae1 Qh5 25. Bg5 Rf5 26. Qe3 Re8 27. f3 Na5
28. g4 Nc4 29. Qc1 Rxg5 30. hxg5 Qh3 31. Re2 Rf8 32. Ref2 Qg3+ 33. Rg2 Qh3 34.
Qe1 Rxf3 35. Rxf3 Qxf3 36. Rg3 Qd5 37. Qf1 c5 38. Rf3 Qd8 39. Qxc4 Qe7 40. Rf6
Kg7 41. Qxe6 Qxe6 42. Rxe6 Kf7 43. d5 1-0

[Event "Coupe Totier 2015"]
[Site "?"]
[Date "2015.06.07"]
[Round "2.1"]
[White "Asatryan, Samuel"]
[Black "Chauvet, Vincent"]
[Result "0-1"]
[WhiteElo "1753"]
[BlackElo "2144"]
[PlyCount "62"]
[WhiteTeam "Martigues 1"]
[BlackTeam "Marseille"]

1. d4 d5 2. e3 Nf6 3. Nf3 c5 4. c3 Nc6 5. a3 e6 6. b4 cxd4 7. cxd4 Bd6 8. Nbd2
O-O 9. Nb3 a5 10. b5 Ne7 11. a4 Ne4 12. Bd3 f5 13. O-O Ng6 14. Qe1 b6 15. Bd2
Bb7 16. Rc1 Qe7 17. Qe2 Rae8 18. Bc3 Nxc3 19. Rxc3 e5 20. Bb1 e4 21. Ne1 f4 22.
Qg4 Bc8 23. Qh5 Be6 24. Nd2 Bb4 25. Rc2 Rf5 26. Qd1 Qg5 27. Ba2 fxe3 28. Nxe4
dxe4 29. Bxe6+ Rxe6 30. Qe2 Ref6 31. f3 h6 0-1

[Event "Coupe Totier 2015"]
[Site "?"]
[Date "2015.06.07"]
[Round "2.2"]
[White "Figier, Anthony"]
[Black "Zazzi, Clement"]
[Result "1-0"]
[WhiteElo "1933"]
[BlackElo "1842"]
[PlyCount "53"]
[WhiteTeam "Marseille"]
[BlackTeam "Martigues 1"]

1. e4 e6 2. d4 d5 3. Nd2 c5 4. exd5 exd5 5. Ngf3 Nf6 6. Bb5+ Nc6 7. O-O Bd6 8.
Re1+ Be6 9. dxc5 Bxc5 10. Nb3 Bb6 11. Nbd4 O-O 12. Bxc6 bxc6 13. Nxc6 Qc7 14.
Ncd4 Bg4 15. Be3 Ne4 16. c3 Rab8 17. Qc1 Qb7 18. Rb1 Rbc8 19. Ne5 Bxd4 20. Nxg4
Bxe3 21. Qxe3 f5 22. Ne5 Rfe8 23. Qd4 Rcd8 24. f3 Nd6 25. a4 Qc7 26. Qxd5+ Kh8
27. Qc6 1-0